00888nam a2200205 i 4500003000900000005001700009007000300026008004100029040003000070082001400100111007600114245013900190246014000329264004200469300004500511336002700556337003300583338002800616500003800644DO-SdBNP20230804153318.0ta230804e1957 dr ao||| |||| 00| 0 spa d aDO-SdBNPbspacBNPHUerda 4222bC749i2 aCongreso Iberoamericano de Educaciónn(3er.:d1957:cCiudad Trujillo) a III congreso iberoamericano de educación:breunión ordinaria del Consejo Directivo de la oficina de educación iberoamericana. /11a Tercer congreso iberoamericano de educación:breunión ordinaria del Consejo Directivo de la oficina de educación iberoamericana. 1aCiudad Trujillo :b[Sin lugar],c1957 a[26] páginas :bIlustraciones ;c27 cm 2rdacontentatextobtxt 2rdamediaasin mediaciónbn 2rdacarrieravolumenbnc aIncluye notas al pie de páginas